| 000 -LEADER |
| fixed length control field |
00776nam a22000977a 4500 |
| 008 - FIXED-LENGTH DATA ELEMENTS--GENERAL INFORMATION |
| fixed length control field |
170211b xxu||||| |||| 00| 0 eng d |
| 100 ## - MAIN ENTRY--AUTHOR'S NAME |
| Author's Name |
Kahn, Henry |
| 245 ## - TITLE STATEMENT |
| Title |
Concentration camp and ghetto mail system under the Nazi regime |
| 260 ## - PUBLICATION, DISTRIBUTION, ETC. (IMPRINT) |
| Place of publication, distribution, etc. |
Rockaway Park, N.Y. |
| Name of publisher, distributor, etc. |
Judaica Historical Philatelic Society |
| Date of publication, distribution, etc. |
1966 |
| 650 ## - TOPICAL TERM (Tag) |
| Topical term or geographic name |
Germany | 1933-1945 | Prisoner-of-War and Internee Mail | Ghetto Mail | Ghettos | Censored Mail | World War II, 1939-1945 | Postal History | Covers | Postal Markings | Postal Service | Postal Stationery | Postal Laws and Regulations | Germany -- Occupation of Bohemia and Moravia | Czechoslovakia | Bohemia and Moravia | Theresienstadt | Terezin | Seals and Labels | Cinderella Material | Poland | Austria | France | Netherlands | Italy | Latvia | Estonia | Europe |